000 00717nam a2200265Ia 4500
005 20260121165557.0
008 008 260114s9999 xx 000 0 eng d
020 _a9781493932771
037 _aEBOOK
040 _aCRL
040 _beng
040 _cCRL
041 _2eng
041 _aeng
084 _qCRL
100 _aCheryl A. Nickerson, Neal R. Pellis, C. Mark Ott
_91053438
245 0 _aEffect of Spaceflight and Spaceflight Analogue Culture on Human and Microbial Cells
260 _bSpringer
260 _bSpringer
260 _c2016
856 _uhttps://link.springer.com/openurl?genre=book&isbn=978-1-4939-3277-1
942 _cEBOOK
999 _c1619164
_d1619164